Pays d'Océanie - Mort Subite - Statistiques

Statistiques générales
  • Ce quiz a été pris 348 fois
  • Le résultat moyen est 10 sur 12
Answers on the Grid
Answers color-coded by a green-red scale on the quiz's grid according to % correct below.
Nauru
Philippines
Seychelles
Tonga
Australie
Papouasie Nouvelle Guinée
Eswatini
Hawaï
Maldives
Vanuatu
Nouvelle-Zélande
Samoa
Palaos
Sri Lanka
Thaïlande
Micronésie
Îles Marshall
Îles Salomon
Timor oriental
Indonésie
Tuvalu
 
Statistiques - réponses
Réponse % Correct
Nauru
90%
Australie
89%
Tonga
86%
Nouvelle-Zélande
85%
Îles Salomon
84%
Micronésie
84%
Papouasie Nouvelle Guinée
84%
Vanuatu
83%
Palaos
82%
Samoa
82%
Îles Marshall
80%
Tuvalu
79%
Aucun quiz correspondant
Distribution des résultats
% des personnes avec chaque résultat
Percentile par nombre de réponses
Votre historique - résultats
Vous n’avez pas pris ce quiz